Fast Typing - Luxembourg - Statistics

General Stats
  • This quiz has been taken 31 times
  • The average score is 11 of 15
Answer Stats
Luxembourg % Correct
Luxembourg
100%
Luxembourg
100%
Luxembourg
96%
Luxembourg
96%
Luxembourg
91%
Luxembourg
87%
Luxembourg
78%
Luxembourg
78%
Luxembourg
74%
Luxembourg
61%
Luxembourg
52%
Luxembourg
48%
Luxembourg
43%
Luxembourg
39%
Luxembourg
39%
No matching quizzes found
Score Distribution
Percent of People with Each Score
Percentile by Number Answered
Your Score History
You have not taken this quiz